Statistiques concernant Paroles : No Control - One Direction

Cliquez ici pour prendre le quiz!

Statistiques générales

  • Ce quiz a été pris 51 fois
    (50 depuis la dernière actualisation)
  • Le résultat moyen est 185 sur 237

Statistiques - réponses

Réponse% Correct
a
100%
control
100%
I
100%
i
100%
No
100%
no
100%
you
100%
got
92%
I'm
90%
and
87%
And
87%
don't
87%
I've
87%
up
87%
all
85%
beside
85%
Beside
85%
can't
85%
can"t
85%
it
85%
the
85%
The
85%
Waking
85%
gun
82%
my
82%
anymore
79%
just
79%
Just
79%
this
79%
yours
79%
are
77%
it's
74%
loaded
74%
obvious
74%
of
74%
on
74%
to
74%
care
72%
Sweet
72%
where
72%
enough
69%
Powerless
69%
closed
67%
contain
67%
count
67%
down
67%
eyes
67%
get
67%
in
67%
In
67%
want
67%
coffee
64%
night
64%
sour
64%
hours
62%
lay
62%
Lost
62%
away
59%
before
59%
cup
59%
defenseless
59%
Her
59%
senses
59%
taste
59%
tongue
59%
wash
56%
day
54%
here
54%
me
54%
pillow
54%
stay
54%
case
51%
holding
51%
Lying
49%
pedal's
49%
right
49%
could
46%
perfume's
46%
trace
46%
burn
44%
lipstick's
44%
not
44%
Still
44%
innocence
41%
Heart
38%
Stained
38%
fingerprint
36%
devoured
33%
heat
33%
ransom
28%

Distribution des résultats

Percentile par nombre de réponses

% des personnes avec chaque résultat

Votre développement - résultats

Vous n’avez pas pris ce quiz depuis la dernière actualisation